000 00561nam a2200205 i 4500
001 16595
003 ES-MaACL
005 20230906151346.0
007 t|
008 001018s2000 sp ||||1| spa d
020 _a84-8198-329-2
080 _a821.134.2-14"19"
100 1 _aPrada Lasso, Mapi de.
_993578
245 1 3 _aUn mar de poesía ; y El faro del cielo /
_cMapi de Prada Lasso.
250 _a1ª ed.
260 _aMadrid :
_bIncipit,
_c2000.
300 _a62 p. ;
_c19 cm.
740 3 _aEl faro del cielo.
852 _aES-MaACL
_jL-23734
_bR.129024
999 _c16595
_d16595